A Textbook of Engineering Chemistry/ (Record no. 213514)

MARC details
000 -LEADER
fixed length control field 00579nam a22001937a 4500
005 - DATE AND TIME OF LATEST TRANSACTION
control field 20250929164202.0
010 ## - LCCN (DPL NO)
LC control number ENG-146893
020 ## - INTERNATIONAL STANDARD BOOK NUMBER
International Standard Book Number 9789355018571
Terms of availability 850.00
035 ## - SYSTEM CONTROL NUMBER
System control number EN-130425
037 ## - SOURCE OF ACQUISITION
Source of stock number/acquisition DBAD
082 ## - DEWEY DECIMAL CLASSIFICATION NUMBER
Edition number 1
Classification number 660
100 ## - MAIN ENTRY--PERSONAL NAME
Personal name Dara, S S
245 ## - TITLE STATEMENT
Title A Textbook of Engineering Chemistry/
Statement of responsibility, etc S S Dara [and] S S Umare
250 ## - EDITION STATEMENT
Edition statement 1
260 ## - PUBLICATION, DISTRIBUTION, ETC. (IMPRINT)
Place of publication, distribution, etc Uttar Pradesh
Name of publisher, distributor, etc S. Chand Publishing
Date of publication, distribution, etc 2025
270 ## - ADDRESS
Address D-92, Sector-2, Noida
City Uttar Pradesh
Postal code 201301
Telephone number 61-120-4682700
300 ## - PHYSICAL DESCRIPTION
Extent 984p.
Dimensions 24cm(pb)
942 ## - ADDED ENTRY ELEMENTS (KOHA)
Source of classification or shelving scheme Dewey Decimal Classification
Item type English Books
Classification part 660
Call number suffix DAR
Holdings
Withdrawn status Lost status Not for loan Collection code Home library Current library Date acquired Source of acquisition Cost, normal purchase price Full call number Barcode Copy number Cost, replacement price Koha item type
      Non-fiction Central Library Central Library 29/09/2025 Delivery of Books Act Division 850.00 660 DAR EN-130425 1 850.00 English Books

© Delhi Public Library
Hit Counter
free hit counter